000 00586nam a2200205 a 4500
001 000021343
005 20200930011314.0
008 100906s1970 ve 000 0 spa d
040 _aDO-SdBNP
_bspa
_cBNPHU
082 _aE863.44
_bC318LL
100 1 _aCarrión, Alejandro.
_913388
245 1 3 _aLa llave perdida :
_bcuentos /
_cAlejandro Carrión.
260 _aCaracas :
_bMonte Avila,
_c1970.
300 _a191 p. ;
_c18 cm.
490 1 _aContinente
650 4 _aNovela ecuatoriana
_95017
650 4 _aLiteratura ecuatoriana
_93938
830 0 _aContinente
_95070
049 _aBNGR
999 _c20843
_d20843